Statistics for Terraria Melee, Magic or Ranged 2

Click here to take the quiz!

General Stats

  • This quiz has been taken 45 times
  • The average score is 11 of 15

Answer Stats

QuestionAnswer% Correct
Lunar FlareMagic
100%
Star FuryMelee
100%
GungnirMelee
100%
The TerrarianMelee
100%
Code 1Melee
100%
CelebrationRanged
100%
S.D.M.G.Ranged
100%
Flinx StaffSummon
100%
Leather WhipSummon
100%
Shadowflame Hex DollMagic
92%
Stardust Cell StaffSummon
92%
Space GunMagic
91%
Spectre StaffMagic
91%
Walking CaneMelee
91%
Lunar Portal StaffSummon
90%
Ice RodMagic
89%
Influx WaverMelee
88%
XenopopperRanged
88%
StyngerRanged
86%
FirecrackerSummon
83%
KO CannonMelee
82%
ShurikenRanged
82%
Crystal SerpentMagic
73%
Laser RifleMagic
73%
Sky FractureMagic
67%
TsunamiRanged
64%
Bee's KneesRanged
56%
Star AniseRanged
27%
Flameburst StaffSummon
22%
Nimbus RodSummon
11%

Score Distribution

Percentile by Number Answered

Percent of People with Each Score

Your Score History

You have not taken this quiz